Derecho del tránsito. Justicia de Policía Local Procedimiento infraccional del tránsito.
Uloženo v:
| Hlavní autor: | |
|---|---|
| Médium: | Neznámo |
| Vydáno: |
Santiago, Chile:
Thomson Reuters,
2022.
|
| Vydání: | 1ª edición. |
| Edice: | Colección Tratados y Manuales.
|
| Témata: | |
| Tagy: |
Přidat tag
Žádné tagy, Buďte první, kdo vytvoří štítek k tomuto záznamu!
|
MARC
| LEADER | 00000 a2200000 4500 | ||
|---|---|---|---|
| 003 | CL-VaPUC | ||
| 005 | 20220908164111.0 | ||
| 008 | 220906t2022 ||||| |||| 00| 0 eng d | ||
| 999 | |c 438450 |d 438448 | ||
| 020 | |a 978-956-400-281-1 | ||
| 040 | |c Pontificia Universidad Católica de Valparaíso | ||
| 082 | 7 | |a 343.83094 ARA 2022 |2 22 | |
| 100 | |a Aravena Arredondo, Leonardo |9 384958 |e autor | ||
| 245 | |a Derecho del tránsito. |b Justicia de Policía Local Procedimiento infraccional del tránsito. | ||
| 250 | |a 1ª edición. | ||
| 260 | |a Santiago, Chile: |b Thomson Reuters, |c 2022. | ||
| 300 | |a 615 páginas. | ||
| 490 | |a Colección Tratados y Manuales. | ||
| 583 | |k GC |c 20220906 | ||
| 650 | |a Derecho del tránsito |x Antecedentes |9 876283 | ||
| 650 | |a Derecho del tránsito |x Justicia de Policía Local |z Chile |9 876284 | ||
| 650 | |a Seguro Obligatorio de Accidentes Personales (SOAP) |9 876285 | ||
| 650 | |a Señalización de las vías |x Derecho del tránsito |9 876286 | ||
| 650 | |a Ley del Tránsito, Nº18290 |z Chile |9 876287 | ||
| 942 | |2 ddc |c BK | ||
| 952 | |0 0 |1 0 |2 ddc |4 0 |6 343_830940000000000_ARA_2022 |7 0 |8 A |9 586385 |a BIBDER |b BIBDER |c GEN |d 2022-08-23 |e 31 |g 0.00 |i 5654267 |l 0 |o 343.83094 ARA 2022 |p 5654267 |r 2023-01-25 |t 1 |v 0.00 |w 2022-08-23 |y BK |k DER | ||